000 00699nam a2200289Ia 4500
005 20260324134247.0
008 008 260324s9999 xx 000 0 eng d
020 _a9780203754870
037 _aEBOOK
040 _aCRL
040 _beng
040 _cCRL
041 _2eng
041 _aeng
084 _qCRL
100 _aNicholas Griffin
_91196161
245 4 _aThe Selected Letters of Bertrand Russell, Volume 1
245 4 _bThe Private Years 1884-1914
260 _bTaylor and Francis
260 _c2002
365 _a
365 _b300
856 _uhttp://www.taylorfrancis.com/books/9780203754870
942 _cEBOOK
999 _c1796056
_d1796056